000 00686nam a2200205 i 4500
001 76636
003 ES-MaACL
005 20230906172915.0
007 t|
008 041004s1987 sp ||||1| spa d
020 _a84-505-5641-4
245 0 0 _aGuía teatral de España /
_cCentro de Documentación Teatral.
250 _a[4ª ed.].
260 _aMadrid :
_bMinisterio de Cultura, Instituto Nacional de las Artes Escénicas y de la Música,
_c1987.
300 _a415 p. ;
_c22 cm.
500 _aIndice.
500 _aSuplemento de: El Público, 1987, nº especial de verano.
710 2 _aCentro de Documentación Teatral (España)
_92605
852 _aES-MaACL
_jC-2959
_bR.114417
999 _c76636
_d76636